Central Library OPAC University of Rajshahi

The identity of Yeats./ (Record no. 77325)

MARC details
000 -LEADER
fixed length control field 00816cam a22002771 4500
001 - CONTROL NUMBER
control field 77325
003 - CONTROL NUMBER IDENTIFIER
rucl marc code BD-RjUL
005 - DATE AND TIME OF LATEST TRANSACTION
control field 20211209082947.0
008 - FIXED-LENGTH DATA ELEMENTS--GENERAL INFORMATION
fixed length control field 720726s1964 nyua b 001 0 eng
035 ## - SYSTEM CONTROL NUMBER
System control number (BD-RjUL)77550
040 ## - CATALOGING SOURCE
Original cataloging agency DLC
Transcribing agency ODaWU
Modifying agency OCoLC
-- DLC
Language of cataloging eng
041 ## - LANGUAGE CODE
Language code of text/sound track or separate title eng
042 ## - AUTHENTICATION CODE
Authentication code premarc
082 ## - DEWEY DECIMAL CLASSIFICATION NUMBER
Classification number 821.912
Author mark and year ELI 1954
100 1# - MAIN ENTRY--PERSONAL NAME
Personal name Ellmann, Richard,
Dates associated with a name 1918-1987.
9 (RLIN) 240887
245 14 - TITLE STATEMENT
Title The identity of Yeats./
Statement of responsibility, etc. Richard Ellmann
260 ## - PUBLICATION, DISTRIBUTION, ETC. (IMPRINT)
Place of publication, distribution, etc. London :
Name of publisher, distributor, etc. macmillan,
Date of publication, distribution, etc. 1954
300 ## - PHYSICAL DESCRIPTION
Pagination xxiv, 342 p. :
Size 21 cm.
490 0# - SERIES STATEMENT
Series statement A Galaxy book
504 ## - BIBLIOGRAPHY, ETC. NOTE
Bibliography, etc included Bibliographical references
600 10 - SUBJECT ADDED ENTRY--PERSONAL NAME
Personal name Yeats, W. B.
Fuller form of name (William Butler),
Dates associated with a name 1865-1939.
906 ## - LOCAL DATA ELEMENT F, LDF (RLIN)
a 7
b cbc
c oclcrpl
d u
e ncip
f 19
g y-gencatlg
942 ## - ADDED ENTRY ELEMENTS (KOHA)
Source of classification or shelving scheme Dewey Decimal Classification
Koha item type Books
Holdings
Lost status Source of classification or shelving scheme Damaged status Not for loan Collection code Permanent Location Current Location Shelving location Date acquired Total Checkouts Full call number Date last seen Copy number Koha item type
  Dewey Decimal Classification     Non-fiction Central Library, University of Rajshahi Central Library, University of Rajshahi   14/03/2020   821.912 ELI 1954 14/03/2020 C-2 Books